000 00343nam a2200133Ia 4500
005 20260328104324.0
008 260328s9999||||xx |||||||||||||| ||und||
100 _aClen, Ralph
245 4 _aThe City 2000 A.D.Urban Life Through Science fiction /
_cRalph Clen
260 _bFawcett
300 _a289 p.
650 _aARQUITECTURA
942 _cBK
999 _c11466
_d11466